Nachbarländer der Türkischen Regionen Quiz - Statistiken

Allgemein
  • Dieses Quiz wurde 21 mal gespielt
  • Das Durchschnittsergebnis liegt bei 2 aus 5
Antwortstatistiken
Regionen Nachbarstaaten % Korrekt
Mittelmeer-Region Syrien
94%
Türkische Republik Nordzypern Zypern
83%
Marmara-Region Bulgarien Griechenland
17%
Ostanatolien Armenien Aserbaidschan Georgien Irak Iran
0%
Südostanatolien Syrien Irak
0%
Keine übereinstimmenden Quizze gefunden
Verteilung der Resultate
Anzahl Personen mit jedem Resultat
Perzentil nach korrekt beantworteten Fragen
Ihre Resultats-Entwicklung
Sie haben dieses Quiz noch nicht gespielt